| 000 | 00392nam a2200169Ia 4500 | ||
|---|---|---|---|
| 008 | 210210b1947 xxu||||| |||| 00| 0 eng d | ||
| 041 | _aeng | ||
| 082 | _a822/768 | ||
| 100 | _aLYND (R) | ||
| 245 | _aLifes little oddities | ||
| 260 |
_aLondon _bJ M Dent and Sons Ltd. _c1947 |
||
| 650 | _aoddities | ||
| 650 | _alittle | ||
| 650 | _aLifes | ||
| 690 | _aEnglish Prose | ||
| 906 | _a012952 | ||
| 999 |
_c131785 _d131785 |
||